000 00342nam a2200145Ia 4500
008 230917s9999||||xx |||||||||||||| ||und||
040 _e87255
_aMAIN
041 _aEnglish
082 _a791.43092 R213G:S
100 _aRay, Satyajit
245 0 _aSatyajit Ray at 70
260 _aCalcutta
_bOrient Longman
300 _a125 p.
942 _cBK
999 _c77474
_d77474